|
|
|
|
| LEADER |
00000nab#a22000007a#4500 |
| 001 |
arbauad003954 |
| 003 |
AR-BaUAD |
| 005 |
20250711110615.0 |
| 008 |
940404|||||||||###||||||b###|0###a|spa|| |
| 040 |
|
|
|a AR-BaUAD
|c AR-BaUAD
|b spa
|
| 245 |
1 |
0 |
|a Vivienda en el barrio de Núñez, Buenos Aires
|
| 300 |
0 |
|
|b fot., cortes, plantas, vistas
|
| 653 |
|
|
|a VIVIENDAS UNIFAMILIARES
|
| 653 |
|
|
|a NUÑEZ
|
| 653 |
|
|
|a BUENOS AIRES, CIUDAD
|
| 653 |
|
|
|a SALGADO, ALFREDO
|
| 653 |
|
|
|a ARGENTINA
|
| 773 |
0 |
|
|t SUMMA
|g no. 14 [dic. 1968], p. 41-45
|
| 942 |
|
|
|c ARTI
|
| 952 |
|
|
|0 0
|1 0
|4 0
|7 0
|9 48874
|a AR-BAuAD
|b AR-BAuAD
|d 2025-07-11
|l 0
|p AAQA003954
|r 2025-07-11 11:06:15
|w 2025-07-11
|y ARTI
|
| 990 |
|
|
|a AQ196
|b TD
|
| 998 |
|
|
|a AAQ
|b BIBUN76
|
| 999 |
|
|
|c 28547
|d 28547
|